Представление документа в формате MARC21

ПолеНазваниеЗначение
  Тип записи a
  Библиографический уровень m
001 Контрольный номер RU/URAIT/582762
005 Дата корректировки 20260429163624.5
008 Кодируемые данные 260429s2026 RU y f j 000 0 rus u
020 Индекс ISBN __
a ISBN 978-5-534-17884-5
c Цена, тираж 1999.00
040 Источник каталогиз. __
a Служба первич. каталог. ИКО Юрайт
c Служба, преобразующая запись ИКО Юрайт
e Правила каталог. RCR
041 Код языка издания __
a Код языка текста rus
044 Код страны публикации __
a Код страны публикации RU
080 Индекс УДК __
a Индекс УДК 620.22(075.8)
084 Индекс другой классификации/Индекс ББК __
2 Источник индекса rubbk
a Индекс другой классификации/Индекс ББК 30.3я73
100 Автор __
a Автор Бондаренко Г. Г.
q Полное имя Бондаренко Геннадий Германович
245 Заглавие __
a Заглавие Материаловедение
b Продолж. заглавия учебник для вузов
c Ответственность Г. Г. Бондаренко, Т. А. Кабанова, В. В. Рыбалко ; под редакцией Г. Г. Бондаренко.
250 Сведения об издании __
g пер. и доп
a Основные сведения об издании 3-е изд.
256 Характеристики компьютерного файла __
a Характеристики компьютерного файла Электрон. дан.
260 Выходные данные __
a Место издания Москва
b Издательство Юрайт
c Дата издания 2026
300 Физическое описание __
a Объем 381 с
440 Серия __
a Серия Высшее образование
500 Примечания __
a Примечание URL: https://urait.ru/bcode/582762 (дата обращения: 29.04.2026).
520 Аннотация __
a Аннотация В курсе рассмотрены характеристики металлических, полупроводниковых и диэлектрических материалов, являющиеся базовыми для разработки систем управления качеством промышленной продукции. Приведены сведения о строении, свойствах и методах получения материалов. Подробно рассмотрены аспекты, связанные с влиянием на рабочие характеристики материалов режимов их производства, хранения и эксплуатации (температура, механические, радиационные и иные виды воздействий). Соответствует актуальным требованиям федерального государственного образовательного стандарта высшего образования. Для студентов, обучающихся по направлению подготовки «Управление качеством».
538 Прим. о системных особенностях __
a Прим. о системных особенностях Режим доступа: Электронно-библиотечная система Юрайт, для авториз. пользователей
653 Ключевые слова __
a Ключевые слова Материаловедение
653 Ключевые слова __
a Ключевые слова Технические науки
653 Ключевые слова __
a Ключевые слова Материаловедение
653 Ключевые слова __
a Ключевые слова Материаловедение и материалы электронных средств
653 Ключевые слова __
a Ключевые слова Основы технологии материалов
653 Ключевые слова __
a Ключевые слова Технология конструкционных материалов
653 Ключевые слова __
a Ключевые слова Механические и физические свойства материалов
653 Ключевые слова __
a Ключевые слова Материаловедение в производстве изделий легкой промышленности (в соответствии с профилем подготовки)
653 Ключевые слова __
a Ключевые слова Материаловедение и механическая технология волокнистых материалов
653 Ключевые слова __
a Ключевые слова Материаловедение в полиграфическом и упаковочном производствах
653 Ключевые слова __
a Ключевые слова Материаловедение и технологии современных и перспективных материалов
653 Ключевые слова __
a Ключевые слова Материаловедение. Технология конструкционных материалов
653 Ключевые слова __
a Ключевые слова Материаловедение и технология конструкционных материалов
653 Ключевые слова __
a Ключевые слова Материаловедение наноматериалов и наносистем
653 Ключевые слова __
a Ключевые слова Материаловедение наноструктурированных материалов
653 Ключевые слова __
a Ключевые слова Материаловедение: материалы ядерных установок
653 Ключевые слова __
a Ключевые слова Основы материаловедения
653 Ключевые слова __
a Ключевые слова Общее материаловедение и технологии материалов
653 Ключевые слова __
a Ключевые слова Материаловедение в производстве изделий легкой промышленности
653 Ключевые слова __
a Ключевые слова Общее и специальное материаловедение
653 Ключевые слова __
a Ключевые слова Материаловедение сталей и сплавов
653 Ключевые слова __
a Ключевые слова Материаловедение парфюмерно-косметической продукции
653 Ключевые слова __
a Ключевые слова Материаловедение в полиграфическом и упаковочном производстве
653 Ключевые слова __
a Ключевые слова Материаловедение непродовольственных товаров
653 Ключевые слова __
a Ключевые слова Материаловедение и технология
653 Ключевые слова __
a Ключевые слова Материаловедение и технологии материалов (полиграфия)
653 Ключевые слова __
a Ключевые слова Материаловедение в машиностроении
653 Ключевые слова __
a Ключевые слова Материаловедение и наномодификация материалов для принтмедиаиндустрии
653 Ключевые слова __
a Ключевые слова Материаловедение и технологии функциональных покрытий
653 Ключевые слова __
a Ключевые слова Технологии конструкционных материалов
653 Ключевые слова __
a Ключевые слова Материаловедение, технологии конструкционных материалов
653 Ключевые слова __
a Ключевые слова Материаловедение (Машиностроение)
653 Ключевые слова __
a Ключевые слова Материаловедение и технология композиционных материалов
653 Ключевые слова __
a Ключевые слова Материаловедение и технология жаропрочных материалов
653 Ключевые слова __
a Ключевые слова Материаловедение на автомобильном транспорте
653 Ключевые слова __
a Ключевые слова Материаловедение в промышленном дизайне
653 Ключевые слова __
a Ключевые слова Материаловедение в производстве швейных изделий
653 Ключевые слова __
a Ключевые слова Материаловедение горного машиностроения
653 Ключевые слова __
a Ключевые слова Материаловедение и технологии перспективных материалов
653 Ключевые слова __
a Ключевые слова Материаловедение термоэлектриков
653 Ключевые слова __
a Ключевые слова Материаловедение легких сплавов
653 Ключевые слова __
a Ключевые слова Материаловедение, конструкционные и наноматериалы в приборостроении
653 Ключевые слова __
a Ключевые слова Материаловедение и ТКМ
653 Ключевые слова __
a Ключевые слова Материаловедение в гостиничном хозяйстве
653 Ключевые слова __
a Ключевые слова Материаловедение в ресторанном хозяйстве
653 Ключевые слова __
a Ключевые слова Материаловедение в сервисе недвижимости
653 Ключевые слова __
a Ключевые слова Материаловедение в строительстве
653 Ключевые слова __
a Ключевые слова Материаловедение и технология материалов
653 Ключевые слова __
a Ключевые слова Материаловедение и защита от коррозии в химико-технологических процессах
653 Ключевые слова __
a Ключевые слова Материаловедение полупроводников и диэлектриков
653 Ключевые слова __
a Ключевые слова Материаловедение ферритов и родственных магнитных систем
653 Ключевые слова __
a Ключевые слова Материаловедение и защита от коррозии
653 Ключевые слова __
a Ключевые слова Материаловедение изделий легкой промышленности
653 Ключевые слова __
a Ключевые слова Материаловедение в дизайне швейных изделий
653 Ключевые слова __
a Ключевые слова Материаловедение и термическая обработка сварных соединений
653 Ключевые слова __
a Ключевые слова Материаловедение в индустрии моды и красоты
653 Ключевые слова __
a Ключевые слова Материаловедение полимерных изделий
653 Ключевые слова __
a Ключевые слова Материаловедение и технологии наноматериалов и наносистем
653 Ключевые слова __
a Ключевые слова Материаловедение и основы разработки новых материалов
653 Ключевые слова __
a Ключевые слова Материаловедение сверхпроводников и высокопрочных материалов
653 Ключевые слова __
a Ключевые слова Материаловедение и процессы получения наноструктурированных материалов
653 Ключевые слова __
a Ключевые слова Материаловедение в графическом дизайне
653 Ключевые слова __
a Ключевые слова Материаловедение стоматологическое
653 Ключевые слова __
a Ключевые слова Полимерные нанокомпозиты
653 Ключевые слова __
a Ключевые слова Материаловедение и технология конструктивных материалов
653 Ключевые слова __
a Ключевые слова Материаловедение в полиграфии
653 Ключевые слова __
a Ключевые слова Материаловедение в ракетостроении
653 Ключевые слова __
a Ключевые слова Материаловедение. Общие вопросы
653 Ключевые слова __
a Ключевые слова Материаловедение и технология конструкционных материалов, основы технологии конструкционных материалов
653 Ключевые слова __
a Ключевые слова Общее материаловедение
653 Ключевые слова __
a Ключевые слова Основы современного материаловедения
653 Ключевые слова __
a Ключевые слова Материаловедение швейного и пищевого производства
653 Ключевые слова __
a Ключевые слова Материаловедение швейного производства
653 Ключевые слова __
a Ключевые слова Технология конструкционных материалов и материаловедение
653 Ключевые слова __
a Ключевые слова Материаловедение и технология новых материалов
653 Ключевые слова __
a Ключевые слова Материаловедение авиакосмических материалов
653 Ключевые слова __
a Ключевые слова Материаловедение и технологии авиационно-космических материалов
653 Ключевые слова __
a Ключевые слова Материаловедение в приложении к отрасли
653 Ключевые слова __
a Ключевые слова Материаловедение и термообработка
653 Ключевые слова __
a Ключевые слова Материаловедение перспективных материалов
653 Ключевые слова __
a Ключевые слова Материаловедение перспективных технологий
653 Ключевые слова __
a Ключевые слова Материаловедение сварки
653 Ключевые слова __
a Ключевые слова Технология материалов и материаловедение
653 Ключевые слова __
a Ключевые слова Введение в материаловедение и технологию новых материалов
653 Ключевые слова __
a Ключевые слова Материаловедение и новые конструкционные материалы
653 Ключевые слова __
a Ключевые слова Материаловедение в приборостроении и медицинской технике
653 Ключевые слова __
a Ключевые слова Материаловедение, технологии и производственное обучение
653 Ключевые слова __
a Ключевые слова Материаловедение наносистем
653 Ключевые слова __
a Ключевые слова Материаловедение в судебной экспертизе
653 Ключевые слова __
a Ключевые слова Материаловедение в стоматологии
653 Ключевые слова __
a Ключевые слова Общее материаловедение и технология материалов
653 Ключевые слова __
a Ключевые слова Материаловедение по отраслям
653 Ключевые слова __
a Ключевые слова Материаловедение в дизайне
653 Ключевые слова __
a Ключевые слова Материаловедение и биоматериалы
653 Ключевые слова __
a Ключевые слова Материаловедение и конфекционирование в дизайне костюма
653 Ключевые слова __
a Ключевые слова Материаловедение и технологии современных и перспективных наноматериалов
653 Ключевые слова __
a Ключевые слова Материаловедение и технологии современных материалов
653 Ключевые слова __
a Ключевые слова Материаловедение конструкционных материалов
653 Ключевые слова __
a Ключевые слова Материаловедение одежды
653 Ключевые слова __
a Ключевые слова Материаловедение. ТКМ
653 Ключевые слова __
a Ключевые слова Полимерные нанокомпозиционные материалы
653 Ключевые слова __
a Ключевые слова Современное материаловедение
653 Ключевые слова __
a Ключевые слова Материаловедение порошковых материалов
653 Ключевые слова __
a Ключевые слова Материаловедение в микро- и наноэлектронике
653 Ключевые слова __
a Ключевые слова Материаловедение при обработке металлов давлением
653 Ключевые слова __
a Ключевые слова Материаловедение сварных соединений
653 Ключевые слова __
a Ключевые слова Материаловедение (коррозионная защита оборудования)
653 Ключевые слова __
a Ключевые слова Физические и механические свойства материалов
653 Ключевые слова __
a Ключевые слова Материаловедение в производстве обуви и кожгалантерейных изделий
653 Ключевые слова __
a Ключевые слова Материаловедение изделий специального назначения
653 Ключевые слова __
a Ключевые слова Материаловедение композиционных материалов
653 Ключевые слова __
a Ключевые слова Материаловедение наземных транспортно-технологических средств
653 Ключевые слова __
a Ключевые слова Введение в полимерные наноматериалы и нанотехнологии
653 Ключевые слова __
a Ключевые слова Материаловедение в станкостроении
653 Ключевые слова __
a Ключевые слова Материаловедение в системе естествознания
653 Ключевые слова __
a Ключевые слова Материаловедение и основы технологии производства
653 Ключевые слова __
a Ключевые слова Материаловедение и технология изделий строительной керамики
653 Ключевые слова __
a Ключевые слова Материаловедение и грузоведение
653 Ключевые слова __
a Ключевые слова Материаловедение и технология металлов
653 Ключевые слова __
a Ключевые слова Материаловедение, экспертиза и стандартизация
653 Ключевые слова __
a Ключевые слова Материаловедение и технология конструкционных материалов энергетических установок
653 Ключевые слова __
a Ключевые слова Материаловедение неорганических материалов
653 Ключевые слова __
a Ключевые слова Материаловедение. Основы технологии строительных материалов
653 Ключевые слова __
a Ключевые слова Материаловедение и технология конструкционных материалов в оптотехнике
653 Ключевые слова __
a Ключевые слова Материаловедение в приборостроении
653 Ключевые слова __
a Ключевые слова Материаловедение в упаковочном производстве
653 Ключевые слова __
a Ключевые слова Материаловедение современных и перспективных материалов
653 Ключевые слова __
a Ключевые слова Материаловедение и химия
653 Ключевые слова __
a Ключевые слова Материаловедение. Машиностроительные материалы
653 Ключевые слова __
a Ключевые слова Материаловедение. Металлография
653 Ключевые слова __
a Ключевые слова Введение в материаловедение
653 Ключевые слова __
a Ключевые слова Материаловедение устройств твердотельного охлаждения
653 Ключевые слова __
a Ключевые слова Материаловедение и ТМ
653 Ключевые слова __
a Ключевые слова Техническое регулирование и управление качеством в материаловедении
700 Другие авторы __
a Другие авторы Кабанова Т. А.
q Полное имя Кабанова Татьяна Александровна
700 Другие авторы __
a Другие авторы Рыбалко В. В.
q Полное имя Рыбалко Владимир Витальевич
856 Электронный адрес документа 40
n Местонахождение сервера Юрайт
g Электронная книга
q Тип электронного формата html
h Имя пользователя ЮРАЙТ
v Часы доступа к ресурсу 20271231
2 Способ доступа Показать документ
x Служебное примечание https://urait.ru/book/cover/5E2302AC-ECBA-46FF-9032-823E4BC05231
u URL https://urait.ru/bcode/582762
856 Электронный адрес документа 48
q Тип электронного формата cover
u URL https://urait.ru/book/cover/5E2302AC-ECBA-46FF-9032-823E4BC05231
911 __
u 0030=https://urait.ru/bcode/582762
911 __
u 073a=9785534178845
u 073d=1999.00
911 __
u 106a=s
911 __
u 900l=
952 Тип литературы __
i Дисциплина Материаловедение
952 Тип литературы __
i Дисциплина Материаловедение и материалы электронных средств
952 Тип литературы __
i Дисциплина Основы технологии материалов
952 Тип литературы __
i Дисциплина Технология конструкционных материалов
952 Тип литературы __
i Дисциплина Механические и физические свойства материалов
952 Тип литературы __
i Дисциплина Материаловедение в производстве изделий легкой промышленности (в соответствии с профилем подготовки)
952 Тип литературы __
i Дисциплина Материаловедение и механическая технология волокнистых материалов
952 Тип литературы __
i Дисциплина Материаловедение в полиграфическом и упаковочном производствах
952 Тип литературы __
i Дисциплина Материаловедение и технологии современных и перспективных материалов
952 Тип литературы __
i Дисциплина Материаловедение. Технология конструкционных материалов
952 Тип литературы __
i Дисциплина Материаловедение и технология конструкционных материалов
952 Тип литературы __
i Дисциплина Материаловедение наноматериалов и наносистем
952 Тип литературы __
i Дисциплина Материаловедение наноструктурированных материалов
952 Тип литературы __
i Дисциплина Материаловедение: материалы ядерных установок
952 Тип литературы __
i Дисциплина Основы материаловедения
952 Тип литературы __
i Дисциплина Общее материаловедение и технологии материалов
952 Тип литературы __
i Дисциплина Материаловедение в производстве изделий легкой промышленности
952 Тип литературы __
i Дисциплина Общее и специальное материаловедение
952 Тип литературы __
i Дисциплина Материаловедение сталей и сплавов
952 Тип литературы __
i Дисциплина Материаловедение парфюмерно-косметической продукции
952 Тип литературы __
i Дисциплина Материаловедение в полиграфическом и упаковочном производстве
952 Тип литературы __
i Дисциплина Материаловедение непродовольственных товаров
952 Тип литературы __
i Дисциплина Материаловедение и технология
952 Тип литературы __
i Дисциплина Материаловедение и технологии материалов (полиграфия)
952 Тип литературы __
i Дисциплина Материаловедение в машиностроении
952 Тип литературы __
i Дисциплина Материаловедение и наномодификация материалов для принтмедиаиндустрии
952 Тип литературы __
i Дисциплина Материаловедение и технологии функциональных покрытий
952 Тип литературы __
i Дисциплина Технологии конструкционных материалов
952 Тип литературы __
i Дисциплина Материаловедение, технологии конструкционных материалов
952 Тип литературы __
i Дисциплина Материаловедение (Машиностроение)
952 Тип литературы __
i Дисциплина Материаловедение и технология композиционных материалов
952 Тип литературы __
i Дисциплина Материаловедение и технология жаропрочных материалов
952 Тип литературы __
i Дисциплина Материаловедение на автомобильном транспорте
952 Тип литературы __
i Дисциплина Материаловедение в промышленном дизайне
952 Тип литературы __
i Дисциплина Материаловедение в производстве швейных изделий
952 Тип литературы __
i Дисциплина Материаловедение горного машиностроения
952 Тип литературы __
i Дисциплина Материаловедение и технологии перспективных материалов
952 Тип литературы __
i Дисциплина Материаловедение термоэлектриков
952 Тип литературы __
i Дисциплина Материаловедение легких сплавов
952 Тип литературы __
i Дисциплина Материаловедение, конструкционные и наноматериалы в приборостроении
952 Тип литературы __
i Дисциплина Материаловедение и ТКМ
952 Тип литературы __
i Дисциплина Материаловедение в гостиничном хозяйстве
952 Тип литературы __
i Дисциплина Материаловедение в ресторанном хозяйстве
952 Тип литературы __
i Дисциплина Материаловедение в сервисе недвижимости
952 Тип литературы __
i Дисциплина Материаловедение в строительстве
952 Тип литературы __
i Дисциплина Материаловедение и технология материалов
952 Тип литературы __
i Дисциплина Материаловедение и защита от коррозии в химико-технологических процессах
952 Тип литературы __
i Дисциплина Материаловедение полупроводников и диэлектриков
952 Тип литературы __
i Дисциплина Материаловедение ферритов и родственных магнитных систем
952 Тип литературы __
i Дисциплина Материаловедение и защита от коррозии
952 Тип литературы __
i Дисциплина Материаловедение изделий легкой промышленности
952 Тип литературы __
i Дисциплина Материаловедение в дизайне швейных изделий
952 Тип литературы __
i Дисциплина Материаловедение и термическая обработка сварных соединений
952 Тип литературы __
i Дисциплина Материаловедение в индустрии моды и красоты
952 Тип литературы __
i Дисциплина Материаловедение полимерных изделий
952 Тип литературы __
i Дисциплина Материаловедение и технологии наноматериалов и наносистем
952 Тип литературы __
i Дисциплина Материаловедение и основы разработки новых материалов
952 Тип литературы __
i Дисциплина Материаловедение сверхпроводников и высокопрочных материалов
952 Тип литературы __
i Дисциплина Материаловедение и процессы получения наноструктурированных материалов
952 Тип литературы __
i Дисциплина Материаловедение в графическом дизайне
952 Тип литературы __
i Дисциплина Материаловедение стоматологическое
952 Тип литературы __
i Дисциплина Полимерные нанокомпозиты
952 Тип литературы __
i Дисциплина Материаловедение и технология конструктивных материалов
952 Тип литературы __
i Дисциплина Материаловедение в полиграфии
952 Тип литературы __
i Дисциплина Материаловедение в ракетостроении
952 Тип литературы __
i Дисциплина Материаловедение. Общие вопросы
952 Тип литературы __
i Дисциплина Материаловедение и технология конструкционных материалов, основы технологии конструкционных материалов
952 Тип литературы __
i Дисциплина Общее материаловедение
952 Тип литературы __
i Дисциплина Основы современного материаловедения
952 Тип литературы __
i Дисциплина Материаловедение швейного и пищевого производства
952 Тип литературы __
i Дисциплина Материаловедение швейного производства
952 Тип литературы __
i Дисциплина Технология конструкционных материалов и материаловедение
952 Тип литературы __
i Дисциплина Материаловедение и технология новых материалов
952 Тип литературы __
i Дисциплина Материаловедение авиакосмических материалов
952 Тип литературы __
i Дисциплина Материаловедение и технологии авиационно-космических материалов
952 Тип литературы __
i Дисциплина Материаловедение в приложении к отрасли
952 Тип литературы __
i Дисциплина Материаловедение и термообработка
952 Тип литературы __
i Дисциплина Материаловедение перспективных материалов
952 Тип литературы __
i Дисциплина Материаловедение перспективных технологий
952 Тип литературы __
i Дисциплина Материаловедение сварки
952 Тип литературы __
i Дисциплина Технология материалов и материаловедение
952 Тип литературы __
i Дисциплина Введение в материаловедение и технологию новых материалов
952 Тип литературы __
i Дисциплина Материаловедение и новые конструкционные материалы
952 Тип литературы __
i Дисциплина Материаловедение в приборостроении и медицинской технике
952 Тип литературы __
i Дисциплина Материаловедение, технологии и производственное обучение
952 Тип литературы __
i Дисциплина Материаловедение наносистем
952 Тип литературы __
i Дисциплина Материаловедение в судебной экспертизе
952 Тип литературы __
i Дисциплина Материаловедение в стоматологии
952 Тип литературы __
i Дисциплина Общее материаловедение и технология материалов
952 Тип литературы __
i Дисциплина Материаловедение по отраслям
952 Тип литературы __
i Дисциплина Материаловедение в дизайне
952 Тип литературы __
i Дисциплина Материаловедение и биоматериалы
952 Тип литературы __
i Дисциплина Материаловедение и конфекционирование в дизайне костюма
952 Тип литературы __
i Дисциплина Материаловедение и технологии современных и перспективных наноматериалов
952 Тип литературы __
i Дисциплина Материаловедение и технологии современных материалов
952 Тип литературы __
i Дисциплина Материаловедение конструкционных материалов
952 Тип литературы __
i Дисциплина Материаловедение одежды
952 Тип литературы __
i Дисциплина Материаловедение. ТКМ
952 Тип литературы __
i Дисциплина Полимерные нанокомпозиционные материалы
952 Тип литературы __
i Дисциплина Современное материаловедение
952 Тип литературы __
i Дисциплина Материаловедение порошковых материалов
952 Тип литературы __
i Дисциплина Материаловедение в микро- и наноэлектронике
952 Тип литературы __
i Дисциплина Материаловедение при обработке металлов давлением
952 Тип литературы __
i Дисциплина Материаловедение сварных соединений
952 Тип литературы __
i Дисциплина Материаловедение (коррозионная защита оборудования)
952 Тип литературы __
i Дисциплина Физические и механические свойства материалов
952 Тип литературы __
i Дисциплина Материаловедение в производстве обуви и кожгалантерейных изделий
952 Тип литературы __
i Дисциплина Материаловедение изделий специального назначения
952 Тип литературы __
i Дисциплина Материаловедение композиционных материалов
952 Тип литературы __
i Дисциплина Материаловедение наземных транспортно-технологических средств
952 Тип литературы __
i Дисциплина Введение в полимерные наноматериалы и нанотехнологии
952 Тип литературы __
i Дисциплина Материаловедение в станкостроении
952 Тип литературы __
i Дисциплина Материаловедение в системе естествознания
952 Тип литературы __
i Дисциплина Материаловедение и основы технологии производства
952 Тип литературы __
i Дисциплина Материаловедение и технология изделий строительной керамики
952 Тип литературы __
i Дисциплина Материаловедение и грузоведение
952 Тип литературы __
i Дисциплина Материаловедение и технология металлов
952 Тип литературы __
i Дисциплина Материаловедение, экспертиза и стандартизация
952 Тип литературы __
i Дисциплина Материаловедение и технология конструкционных материалов энергетических установок
952 Тип литературы __
i Дисциплина Материаловедение неорганических материалов
952 Тип литературы __
i Дисциплина Материаловедение. Основы технологии строительных материалов
952 Тип литературы __
i Дисциплина Материаловедение и технология конструкционных материалов в оптотехнике
952 Тип литературы __
i Дисциплина Материаловедение в приборостроении
952 Тип литературы __
i Дисциплина Материаловедение в упаковочном производстве
952 Тип литературы __
i Дисциплина Материаловедение современных и перспективных материалов
952 Тип литературы __
i Дисциплина Материаловедение и химия
952 Тип литературы __
i Дисциплина Материаловедение. Машиностроительные материалы
952 Тип литературы __
i Дисциплина Материаловедение. Металлография
952 Тип литературы __
i Дисциплина Введение в материаловедение
952 Тип литературы __
i Дисциплина Материаловедение устройств твердотельного охлаждения
952 Тип литературы __
i Дисциплина Материаловедение и ТМ
952 Тип литературы __
i Дисциплина Техническое регулирование и управление качеством в материаловедении